La escuela del futuro.

Збережено в:
Бібліографічні деталі
Автор: Castrejón Díez, Jaime (autor)
Формат: Книга
Мова:Іспанська
Серія:(Archivo del fondo ; 33)
Предмети:
Теги: Додати тег
Немає тегів, Будьте першим, хто поставить тег для цього запису!

MARC

LEADER 00000nam^a2200000^u^4500
001 000510158
005 20250521000000.0
008 091203s1000^^^^^^^^^^^^r^^^^^000^0^spa^d
009 20260310130119.906
035 |a FCE 000054367 
037 |a Acervo ITESO - Biblioteca 
041 |a spa 
082 0 4 |a 370.19  |b C388 
100 |a Castrejón Díez, Jaime  |e (autor) 
245 1 3 |a La escuela del futuro. 
264 |a México :  |b FCE,  |c 1975. 
300 |a 89 p. 
336 |a texto  |b txt  |2 rdacontenido 
337 |a sin mediación  |b n  |2 rdamedio 
338 |a volumen  |b nc  |2 rdasoporte 
440 1 |a (Archivo del fondo ; 33) 
649 |a XX 
650 |a Futurología de la educación 
650 |a Estrategias de la educación 
650 |a Escuela 
650 |a Sociología la educación 
650 |a Problema educativo 
650 |a Escolarización 
650 |a Países en desarrollo 
910 |a Fondo Centro de Estudios Educativos 
920 |a Impresos - Libros 
930 |a Fondos Especiales 
905 |a 133 
901 |a ALE067773  |b IT2  |c CEE  |u 20250521 
902 |a https://opac.biblio.iteso.mx/vufind/Record/000510158